El teatro hispanoamericano contemporáneo : antología /

Enregistré dans:
Détails bibliographiques
Auteur principal: Solórzano, Carlos (comp. y pról.)
Format: Livre
Langue:espagnol
Publié: México : Fondo de Cultura Económica, 1973, c1964
Collection:(Colección Popular ; 61)
Sujets:
Tags: Ajouter un tag
Pas de tags, Soyez le premier à ajouter un tag!

MARC

LEADER 00000nam^a2200000^a^4500
001 000175654
005 20250521000000.0
009 20260310101612.603
037 |a Acervo ITESO - Biblioteca 
041 |a ESP 
082 |a 862.  |b SOL 
100 |a Solórzano, Carlos  |e (comp. y pról.) 
245 1 3 |a El teatro hispanoamericano contemporáneo :  |b antología /  |c Comp. y pról. de C. Solórzano. 
264 4 |a México :  |b Fondo de Cultura Económica,  |c 1973, c1964 
300 |a 419 p. 
336 |a texto  |b txt  |2 rdacontenido 
337 |a sin mediación  |b n  |2 rdamedio 
338 |a volumen  |b nc  |2 rdasoporte 
440 1 |a (Colección Popular ;  |v 61) 
649 |a XX 
650 |a Teatro Latinoamericano 
650 |a Literatura Latinoamericana -  |y Siglo XX 
910 |a Fondo General 
920 |a Impresos - Libros 
930 |a Colección General 
940 |a Literatura 
905 |a 101 
901 |a 0500114095  |b IT1  |c LIT  |u 20250521 
902 |a https://opac.biblio.iteso.mx/vufind/Record/000175654